| 000 | 00925 aa a2200229 4500 | ||
|---|---|---|---|
| 005 | 20120519154713.0 | ||
| 010 | _a | ||
| 020 |
_c395.00 _a818143174x |
||
| 035 | _aB-138101 | ||
| 037 | _bpub | ||
| 082 | _a510 | ||
| 100 |
_a हार्डी, जी.एच. _947514 |
||
| 245 |
_aशुद्ध गणित की पाठचर्चा / _cजी.एच. हार्डी _b |
||
| 246 |
_a _b |
||
| 260 |
_aनई दिल्ली _bवाणी प्रकाशन _c2004 |
||
| 270 |
_a _bनई दिल्ली _e _k |
||
| 300 |
_a462पृ _c22 सेमी (सजिल्द) |
||
| 650 |
_aहिन्दी उपन्यास _947515 |
||
| 650 |
_aHindi Novel _947516 |
||
| 942 |
_adpl _cHN _k _2ddc _h510 _mहार्डीजी |
||
| 999 |
_c66928 _d66928 |
||